000 004310000a22001690004500
003 MACL
005 20160110125508.0
008 160110b xxu||||| |||| 00| 0 eng d
040 _aMACL
_cMACL
041 _aEnglish
082 _a900/KAU
100 _aKaul, T N
_91563
245 _aReminiscences Discreet and Indiscreet
260 _bLancers Publishers
_c1982
_aNew Delhi
650 _aHistory
_930863
942 _cBK
_k900/KAU
_2ddc
999 _c34223
_d34223